000 00676nam a2200217Ii 4500
001 18966
003 CO-ViMGA
008 241108s9999||||xx |||||||||||||| ||und||
020 _a958939342X
040 _aCO-ViMGA
_bspa
_erda
_cCO-ViMGA
041 0 _aspa
082 0 4 _aR 759.9861 B67n
100 1 _aFernando Botero
_946800
245 1 0 _aNuevas obras sobre lienzo :
_bentrevista con Fernando Botero por Ana María Escallón
264 1 _aBogotá, Colombia : Villegas Editores, 2001
300 _avolumen
336 _atext
_btxt
_2rdacontent
337 _aunmediated
_bn
_2rdamedia
338 _avolume
_bnc
_2rdacarrier
940 _aidficha_siabuc: 18623. -- ficha_no_siabuc:18966
999 _c41370
_d41370